Statistics for The World's 25 Most Beautiful Cities

Click here to take the quiz!

General Stats

  • This quiz has been taken 3,138 times
  • The average score is 8 of 25

Answer Stats

HintAnswer% Correct
4Paris
96%
18Rome
89%
1Barcelona
76%
2Venice
70%
8Sydney
60%
19Vienna
59%
11Prague
58%
24Florence
54%
23Budapest
48%
3Melbourne
42%
13Vancouver
32%
15Cape Town
27%
12Kyoto
22%
6Seville
17%
10Krakow
15%
22Salzburg
13%
14Bruges
11%
16Quebec
11%
5Beirut
7%
17Siena
5%
20San Sebastian
4%
21Charleston, SC
3%
9Victoria, Canada
3%
7Santa Fe
2%
25San Miguel de Allende
1%

Score Distribution

Percentile by Number Answered

Percent of People with Each Score

Your Score History

You have not taken this quiz